000 00273nam a2200109 4500
008 160625b xxu||||| |||| 00| 0 eng d
100 _91202
_a Corbett, S
245 _aGrave Doubts
260 _aToronto
_b Little Brown & Com
_c1982
300 _aGrave Doubts
942 _2ddc
_cBK
999 _c977
_d977